000 00764nam a2200265Ia 4500
003 OSt
005 20220925213405.0
006 a|||||r|||| 00| 0
007 ta
008 220923b |||||||| |||| 00| 0 eng d
020 _a0521079624
037 _cGeneral Book
040 _aRTL
_cRTL
_beng
041 _2eng
_aeng
082 _aY49, L0
100 _aIngham Geoffrey
_9251902
245 0 _aSize of industrial organization and worker behavio
260 _aLondon
_bCambridge University Press
_c1970
300 _a170p
_ccm.
490 _aCambridge Studies in Sociology.1
500 _aBibliography: p 164-168; Index:p169-70
650 _aWorking Class
942 _hY49, L0
_cGB
_2CC
999 _c562753
_d562753